000 00791cam a2200241 a 4500
001 1202150
005 20180202050459.0
008 980107s1998 iau 000 0 eng
010 _a 98101705
020 _a0787243892
040 _aDLC
_cDLC
_dDLC
041 _aeng
043 _an-us---
080 _a324.70973 RON
082 0 0 _a324.70973 RON
_221
100 _a20
101 _aPOL
245 0 4 _aThe best of the best from Campaigns & elections :
_cedited by Ron Faucheux.
246 3 0 _aRoad to victory 2000
906 _a7
_bcbc
_corignew
_d2
_encip
_f19
_gy-gencatlg
942 _2ddc
_cBK
999 _c41624
_d41624